[Event "Agneaux St Lo op 01st"]
[Site "Agneaux"]
[Date "1997.??.??"]
[Round "?"]
[White "Clin, Christian"]
[Black "Martinet, Regis"]
[Result "1/2-1/2"]
[WhiteElo "2155"]
[BlackElo "1970"]
[PlyCount "58"]
[EventDate "1997.02.??"]
[EventType "swiss"]
[EventRounds "7"]
[EventCountry "FRA"]
[SourceTitle "EXT 2003"]
[Source "ChessBase"]
[SourceDate "2002.11.25"]
[SourceVersion "1"]
[SourceVersionDate "2002.11.25"]
[SourceQuality "1"]

1. e4 c5 2. Nf3 Nc6 3. Bb5 d6 4. d4 cxd4 5. Qxd4 Bd7 6. Bxc6 Bxc6 7. Nc3 Nf6 8. Bg5 Nd7 9. 0-0-0 Qb6 10. Qd2 h6 11. Be3 Qa5 12. Nd4 Ne5 13. Nb3 Qc7 14. Qe2 e6 15. f4 Nd7 16. f5 e5 17. Nd5 Bxd5 18. exd5 Be7 19. h4 h5 20. Bg5 Rc8 21. Rh3 Bxg5+ 22. hxg5 Ke7 23. Rc3 Qb8 24. Rdd3 h4 25. Nd2 Rxc3 26. Rxc3 b5 27. Ne4 Qb6 28. Qe3 Qxe3+ 29. Rxe3 Nc5 1/2-1/2